000 00298nam a22001337a 4500
008 170623b xxu||||| |||| 00| 0 eng d
020 _a9780495913092
041 _aeng
080 _21ST
_a328
100 _a21
101 _aSHP
245 _aTHE CHALLENGE OF DEMOCRACY
_cJANDA,K
942 _2udc
_cBK
999 _c18915
_d18915